Music Quiz

Random Music or Song Quiz

Figure Out the Disney Lyrics XI Quiz Stats

 Plays Quiz Updated Jun 14, 2018

Score 0/141 Timer 10:00
5 Plays Today
% Correct
I
97.8%
I
97.8%
I
97.8%
I
97.8%
I
97.8%
I
97.8%
I
97.8%
I
97.8%
I
97.8%
I
97.8%
I
97.8%
I
97.8%
I
97.8%
I
97.8%
a
97%
a
97%
a
97%
a
97%
a
97%
a
97%
a
97%
the
92.8%
the
92.8%
the
92.8%
the
92.8%
the
92.8%
you
90%
you
90%
you
90%
you
90%
you
90%
you
90%
you
90%
you
90%
you
90%
you
90%
you
90%
you
90%
love
83.1%
love
83.1%
love
83.1%
And
79.6%
is
73.7%
is
73.7%
me
73.7%
me
73.7%
me
73.7%
% Correct
in
73.1%
in
73.1%
know
70.5%
know
70.5%
know
70.5%
know
70.5%
know
70.5%
know
70.5%
know
70.5%
know
70.5%
know
70.5%
know
70.5%
know
70.5%
know
70.5%
do
67.6%
do
67.6%
do
67.6%
so
63.2%
so
63.2%
your
63.1%
your
63.1%
what
61.4%
what
61.4%
what
61.4%
are
60.7%
are
60.7%
with
59.7%
with
59.7%
dream
58.9%
dream
58.9%
dream
58.9%
dream
58.9%
dream
58.9%
they
58.3%
they
58.3%
if
58.1%
if
58.1%
if
58.1%
that
57.7%
that
57.7%
once
55.2%
once
55.2%
once
55.2%
once
55.2%
once
55.2%
once
55.1%
once
55.1%
% Correct
once
55.2%
upon
54.7%
upon
54.7%
upon
54.7%
upon
54.7%
upon
54.7%
walked
50.9%
walked
50.9%
at
50.6%
at
50.6%
at
50.6%
way
49.5%
way
49.5%
way
49.5%
But
49.4%
But
49.4%
But
49.4%
eyes
49.4%
eyes
49.4%
it's
48.5%
it's
48.5%
did
44.6%
did
44.6%
did
44.6%
familiar
42.6%
familiar
42.6%
gleam
42.5%
gleam
42.5%
gleam
42.5%
gleam
42.5%
true
41.6%
true
41.6%
you'll
41.2%
You'll
41.2%
you'll
41.2%
You'll
41.2%
you'll
41.2%
You'll
41.2%
all
40.8%
all
40.8%
seem
36.6%
seem
36.6%
seldom
32.4%
seldom
32.4%
visions
32.3%
visions
32.3%
Yet
23.6%

You're not logged in!

Compare scores with friends on all Sporcle quizzes.
OR
Log In

You Might Also Like...

Show Comments

Extras

Top Quizzes Today


Score Distribution

Your Account Isn't Verified!

In order to create a playlist on Sporcle, you need to verify the email address you used during registration. Go to your Sporcle Settings to finish the process.

Report this User

Report this user for behavior that violates our Community Guidelines.

Details: